000
00252nam a2200109Ia 4500
008
220204s9999 xx 000 0 und d
082
_a
621
_b
KHU
100
_a
Khurmi, R S
245
0
_a
Theory of machines
260
_a
Delhi
_b
Eurasia
_c
1976
942
_c
BK
999
_c
24731
_d
24731